Analýza informácií o časovom rozlíšení v poznámkach účtovnej závierky vybraných účtovných jednotiek bakalárska práca
Na minha lista:
| Autor principal: | |
|---|---|
| Autor Corporativo: | |
| Outros Autores: | |
| Formato: | Livro |
| Idioma: | eslovaco |
| Publicado em: |
Bratislava
2023
|
| Tags: |
Sem tags, seja o primeiro a adicionar uma tag!
|
MARC
| LEADER | 00000nbm a2200000 4500 | ||
|---|---|---|---|
| 001 | 0295104 | ||
| 005 | 20240325090305.0 | ||
| 041 | 0 | |a slo | |
| 044 | |a SK | ||
| 245 | 1 | 0 | |a Analýza informácií o časovom rozlíšení v poznámkach účtovnej závierky vybraných účtovných jednotiek |b bakalárska práca |c Filip Šimai ; školiteľ: Lenka Užíková |
| 264 | 1 | |a Bratislava |c 2023 | |
| 300 | |a 47 s. | ||
| 100 | 1 | |a Šimai, Filip | |
| 700 | 1 | |a Užíková, Lenka, 1996- | |
| 710 | 2 | |a Fakulta hospodárskej informatiky EU. Katedra účtovníctva a audítorstva | |